LEADER 01222nam a2200217 i 4500 001 000000226502 003 CaOOAMICUS 005 20140124000000.0 008 140124s1767 it u000 u fre u 013 $a205404 026 $ax-t, osen cam. Inli (3) 1767 (R) 040 $aSeMil$bita 245 10$aTome 14: Premier des oeuvres posthumes, contenant toutes les Pieces qui concernent le Projet de Reunion des Eglises Luthériennes de la Confession d'Ausbourg avec l'Eglise Catholique. 300 $axxxix, [1], 582, [2] p. 500 $aSegn. : a4 b-c8 A-2N8 2O4. - Fondo Bidoglio. 773 0 $aBossuet, Jacques-Bénigne $tOeuvres de messire Jacques-Benigne Bossuet, évêque de Meaux, conseiller du roi en ses conseils ... Tome 1. [-22.].$dA Liège : Chez Libraires Associés, 1766-1768.$g14$w()7552 850 $aSeMil 852 $aSeMil$W1$xVenegono$y1$m2F VII 14 FA$j176848$B176848$CSeMilBibl$Z2$F187768 $8I 941 1 $a2 961 $aLascito: Bidoglio don Maurizio 996 $6245$aTome 14: Premier des oeuvres posthumes, contenant toutes les Pieces qui concernent le Projet de Reunion des Eglises Luthériennes de la Confession d'Ausbourg avec l'Eglise Catholique$9(OLS)http://semarc/title/324308 LEADER 00956nam a2200217 i 4500 001 000000188783 003 CaOOAMICUS 005 20100422000000.0 008 100422s1911 it u000 u ita u 013 $a167017 040 $aSeMil$bita 100 1 $aMazzucchi, Leonardo.$0(OLS)http://semarc/name/69144 245 13$aIl Parroco Don Carlo Coppini (1827 - 1881) /$cSac. Leonardo Mazzucchi dei Servi della Carità. 260 $aComo :$bScuola Tipografica Divina Provvidenza,$c1911. 300 $a204 p., [1] p. di ritratto ;$c19 cm. 500 $aContiene : Appendice. 600 14$aCoppini, Carlo .$0(OLS)http://semarc/subject/35533 850 $aSeMil 852 $aSeMil$W1$xVenegono$y1$m3H II 129$j139420$B139420$CSeMilBibl$Z2$F151050 $81 996 $6245$aIl Parroco Don Carlo Coppini (1827 - 1881)$9(OLS)http://semarc/title/271750 996 $6260$aComo :$bScuola Tipografica Divina Provvidenza$9(OLS)http://semarc/publisher/49657